MARC

LEADER 00000nam0a2200000 4500
001 304056
005 20231102001649.0
020 |a RU  |b 83-24401 
035 |a (RuTPU)RU\TPU\book\329291 
090 |a 304056 
100 |a 20150909d1983 k y0rusy5003 ca 
101 0 |a rus 
102 |a RU 
105 |a a z 001zy 
200 1 |a Космическое излучение в верхней атмосфере  |f Л. И. Дорман, И. Д. Козин 
210 |a Москва  |c Наука  |d 1983 
215 |a 151 с.  |c ил. 
320 |a Библиогр.: с. 143-151 
606 1 |a Радиоволны  |x Распространение в ионосфере  |x (геология)  |2 stltpush  |3 (RuTPU)RU\TPU\subj\22598  |9 47328 
610 1 |a солнечные вспышки 
610 1 |a ионосфера 
610 1 |a космическое излучение 
610 1 |a электронная концентрация 
610 1 |a распространение 
610 1 |a космические лучи 
610 1 |a ионизация 
675 |a 551.510.535:551.501.8  |v 3 
700 1 |a Дорман  |b Л. И.  |g Лев Исаакович 
701 1 |a Козин  |b И. Д.  |g Игорь Дмитриевич 
801 0 |a RU  |b RuMRKP  |c 19950704  |g psbo 
801 1 |a RU  |b 63413507  |c 20150909 
801 2 |a RU  |b 63413507  |c 20170112  |g RCR 
942 |c BK